000 00446nam a2200181Ia 4500
001 3116
005 20260306144857.0
008 260306t1998||||xx |||||||||||||| ||spa||
041 _aESP
082 _a256.82
_bA77
100 _aArranz Enjuto, Clemente
_eAUT
245 0 _aCien rostros de cristo:
_bpara la contemplación
260 _c1998
300 _a214 pƔginas :
_c24 cm.
650 _aGEN
654 _aCHU
942 _cLIB
_dJUS
_fJUS
_2ddc
_n
999 _c3116
_d3116